000 00410nam a22001697a 4500
003 MPLRDC
005 20220104114517.0
008 210129b ||||| |||| 00| 0 eng d
082 _a856.9 DMN c.2
100 _a董梦妮
245 _a内幕中内幕
_c
250 _a初版
260 _a
_b城市出版有限公司
_c1986
300 _b
650 _a函牍及杂著--杂项
942 _cBK
_o856.9 DMN c.2
999 _c8038
_d8028